[Event "FIDE Open 2012"]
[Site "Voronezh (Russia)"]
[Date "2012.06.18"]
[Round "7.30"]
[White "Shuvalova, Polina"]
[Black "Maksimov, Dmitri"]
[Result "1-0"]
[WhiteElo "1702"]
[BlackElo "2007"]
[Annotator ""]
[Source ""]
[Remark ""]

1.e4 c5 2.Nf3 e6 3.d4 cxd4 4.Nxd4 Nc6 5.Nxc6 bxc6 6.Bd3 Nf6 7.Nc3
d5 8.Qf3 Be7 9.e5 Nd7 10.Qg3 Qc7 11.Bf4 O-O 12.Qh3 g6 13.Qg3
Rb8 14.h4 Nc5 15.Rh3 Rxb2 16.h5 Qa5 17.Bxg6 fxg6 18.hxg6 Ne4
19.gxh7+ Kh8 20.Qg6 Qc5 21.Rf3 Bg5 22.Bxg5 Nxg5 23.Qxg5 Rxc2
24.Ne2 Ba6 25.Rxf8+ Qxf8 26.Qg8+ Qxg8 27.hxg8Q+ Kxg8 28.Nd4 Rc4
29.Nxe6 Re4+ 30.Kd2 Re2+ 31.Kc3 Rxf2 32.Kd4 Rxg2 33.Kc5 Rg5 34.Nxg5 1-0

[Event "FIDE Open 2012"]
[Site "Voronezh (Russia)"]
[Date "2012.06.18"]
[Round "7.34"]
[White "Aseeva, Anastasia"]
[Black "Abramova, Yulia"]
[Result "1-0"]
[WhiteElo "2010"]
[BlackElo "1949"]
[Annotator ""]
[Source ""]
[Remark ""]

1.d4 d6 2.Nf3 Nd7 3.c4 e5 4.e4 Ngf6 5.Nc3 Be7 6.Be2 O-O 7.O-O
c6 8.Re1 Qc7 9.Qc2 b6 10.a3 Bb7 11.b4 a6 12.Bb2 Rfe8 13.Bf1 Bf8
14.Rac1 Rac8 15.Qb1 Qb8 16.b5 axb5 17.cxb5 Qa8 18.bxc6 Bxc6 19.d5
Bb7 20.Bb5 g6 21.Rc2 Rc5 22.a4 Rec8 23.Nd2 R5c7 24.Rcc1 Bh6 25.Re2
Qa5 26.g3 Qb4 27.Rd1 Rxc3 28.Bxc3 Qxc3 29.Nb3 Qf3 30.Qd3 Qxd3
31.Rxd3 Nc5 32.Nxc5 Rxc5 33.Rd1 Bc8 34.Kg2 Rc3 35.f3 Nd7 36.Rb1
Be3 37.Rbb2 Bc5 38.Rbc2 Rxc2 39.Rxc2 f5 40.h3 Nf6 41.Bd3 fxe4
42.fxe4 Kf7 43.Ra2 Bb4 44.Rb2 Ba5 45.Rc2 Bd7 46.Ra2 Ke7 47.Bc2
Be8 1-0

[Event "FIDE Open 2012"]
[Site "Voronezh (Russia)"]
[Date "1879.??.??"]
[Round "7.36"]
[White "Sukhareva, Valentina"]
[Black "Testova, Victoria"]
[Result "0-1"]
[WhiteElo "1879"]
[BlackElo "1879"]
[Annotator ""]
[Source ""]
[Remark ""]

1.d4 Nf6 2.Bg5 e6 3.e4 h6 4.Bxf6 Qxf6 5.c3 d6 6.g3 c5 7.Bg2 cxd4
8.cxd4 Nc6 9.Ne2 g6 10.f4 Bg7 11.e5 Qe7 12.Nbc3 O-O 13.O-O Rd8
14.Qb3 dxe5 15.dxe5 Bd7 16.Ne4 Rac8 17.Nd6 Rc7 18.Nc3 Na5 19.Qb4
Nc4 20.Rfc1 a5 21.Qb3 Nxd6 22.exd6 Qxd6 23.Kh1 Rdc8 24.Rd1 Qe7
25.Nb5 Rc2 26.Nd4 R2c4 27.Nf3 Ba4 28.Qd3 Bxd1 29.Rxd1 0-1

[Event "FIDE Open 2012"]
[Site "Voronezh (Russia)"]
[Date "2012.06.18"]
[Round "7.38"]
[White "Pilchuk, Mikhail"]
[Black "Mikhailov, Artem"]
[Result "1-0"]
[WhiteElo "1927"]
[BlackElo "1720"]
[Annotator ""]
[Source ""]
[Remark ""]

1.e4 e5 2.Nf3 Nc6 3.Bc4 Nf6 4.d4 exd4 5.O-O Bc5 6.e5 Ng4 7.c3
d3 8.b4 Nxf2 9.Rxf2 Bxf2+ 10.Kxf2 O-O 11.Bf4 Kh8 12.Qxd3 d6 13.Kg1
dxe5 14.Ng5 g6 15.Be3 Qf6 16.Nd2 a6 17.Rf1 Bf5 18.Qd5 h5 19.Nxf7+
Kh7 20.Bg5 Qg7 21.Nf3 Rfe8 1-0

[Event "FIDE Open 2012"]
[Site "Voronezh (Russia)"]
[Date "2012.06.18"]
[Round "7.39"]
[White "Stepanischev, Anton"]
[Black "Moiseenko, Andrey"]
[Result "1-0"]
[WhiteElo "1913"]
[BlackElo "1696"]
[Annotator ""]
[Source ""]
[Remark ""]

1.e4 d6 2.d4 Nf6 3.Nc3 g6 4.f3 c6 5.Be3 Nbd7 6.Qd2 b5 7.Nge2
Bb7 8.a3 a6 9.Nc1 Qc7 10.g3 Nb6 11.b3 Nbd7 12.Bh3 c5 13.d5 Ne5
14.O-O Bg7 15.Bh6 O-O 16.Bxg7 Kxg7 17.N3e2 Bc8 18.Bg2 Bb7 19.f4
Ned7 20.c4 bxc4 21.bxc4 Nb6 22.Qe3 Kg8 23.Nd3 a5 24.e5 Ng4 1-0

[Event "FIDE Open 2012"]
[Site "Voronezh (Russia)"]
[Date "2012.06.18"]
[Round "7.40"]
[White "Gagarin, Artem"]
[Black "Korobitsyn, Daniil"]
[Result "0-1"]
[WhiteElo "1767"]
[BlackElo "1905"]
[Annotator ""]
[Source ""]
[Remark ""]

1.e4 e6 2.Nc3 d5 3.exd5 exd5 4.d4 c6 5.Nf3 Bg4 6.Be2 Bd6 7.O-O
Nf6 8.Bg5 Nbd7 9.Ne5 Bxe2 10.Qxe2 O-O 11.f4 Qb6 12.Rad1 Qxb2
13.Rd3 Qb6 14.Rb1 Qc7 15.Rg3 Ne8 16.Qh5 g6 17.Qh6 Bxe5 18.fxe5
f6 19.Rh3 Nb6 20.exf6 Nxf6 21.Bf4 Qf7 22.Bd6 Rfe8 23.Rf1 Re6
24.Be5 Nbd7 25.g4 Qe7 26.Qh4 Nxe5 27.dxe5 Nd7 28.Qg3 Rxe5 29.Qg2
Rf8 30.Rhf3 Rxf3 31.Qxf3 Re3 32.Nxd5 cxd5 33.Qxd5+ Qe6 34.Qg5
Nf8 ( 34...Re2 {%00þ } 35.Rf2 {%00þ } Rxf2 {%00þ } 36.Kxf2
{%00þ } Nf6 {%00þ } 37.Qf4 {%00þ } Nxg4+ {%00þ }
38.Kg3 {%00þ } Ne5 {%00þ } 39.Qe4 {%00þ } Qe7 {%00þ }
40.Kf4 {%00þ } Qf6+ {%00þ } 41.Ke3 {%00þ } Qg5+ {%00þ }
42.Ke2 {%00þ } Nc6 {%00þ } 43.Qe6+ {%00þ } Kg7 {%00þ }
44.Qd7+ {%00þ } Qe7+ {%00þ } 45.Qxe7+ {%00þ } Nxe7 {%00þ }
46.Kf3 {%00þ } {-4.71|d9 Rybka4} ) 35.Rxf8+ 0-1

[Event "FIDE Open 2012"]
[Site "Voronezh (Russia)"]
[Date "2012.06.18"]
[Round "7.41"]
[White "Shabunin, Danil"]
[Black "Voischeva, Zinaida"]
[Result "0-1"]
[WhiteElo "1722"]
[BlackElo "1835"]
[Annotator ""]
[Source ""]
[Remark ""]

1.e4 e6 2.d4 d5 3.e5 c5 4.c3 Qb6 5.Nf3 Nc6 6.Bd3 cxd4 7.cxd4
Bd7 8.O-O Nxd4 9.Nxd4 Qxd4 10.Nc3 a6 11.Re1 Ne7 12.Be3 Qxe5 13.f4
Qf6 14.g4 Nc6 15.Nxd5 Qd8 16.Bb6 Qc8 17.Nc7+ Ke7 18.Nxa8 Qxa8
19.Qd2 Ke8 20.Re4 Be7 21.Rc1 Qc8 22.g5 h6 23.Qc3 Kf8 24.h4 hxg5
25.fxg5 Qb8 26.Bc2 Na7 27.Bd4 Rg8 28.Rf1 Nb5 29.Qf3 Nd6 30.Rf4
Nf5 31.Bxf5 exf5 32.Qg2 Bd6 33.R4f2 Rh8 34.Qh3 Qc7 35.h5 Be5
36.Bxe5 Qxe5 37.Rd1 Qe7 38.g6 fxg6 39.Qg3 Rxh5 40.Rg2 Bc6 41.Re1
Qc5+ 42.Re3 Be4 43.Rge2 Qc1+ 44.Kf2 f4 45.Rf3 Bxf3 46.Qxg6 Rh2+
47.Kxf3 0-1

[Event "FIDE Open 2012"]
[Site "Voronezh (Russia)"]
[Date "2012.06.18"]
[Round "7.42"]
[White "Kostin, Yury"]
[Black "Tjurin, Viktor"]
[Result "1-0"]
[WhiteElo "1688"]
[BlackElo "1827"]
[Annotator ""]
[Source ""]
[Remark ""]

1.e4 c5 2.Nf3 d6 3.d4 cxd4 4.Nxd4 Nf6 5.Nc3 a6 6.Be2 e6 7.Be3
Qc7 8.f4 Nc6 9.Bf3 Bd7 10.Qd2 b5 11.g4 Nxd4 12.Bxd4 Bc6 13.g5
Nd7 14.O-O-O Nb6 15.Qe2 b4 16.Nd5 Nxd5 17.exd5 Bb5 18.Qe3 Rc8
19.Rd2 Bd7 20.dxe6 fxe6 21.Bh5+ Kd8 22.Bb6 Rb8 23.Bxc7+ Kxc7 1-0

[Event "FIDE Open 2012"]
[Site "Voronezh (Russia)"]
[Date "2012.06.18"]
[Round "7.49"]
[White "Bezgodova, Tatiana"]
[Black "Ajrapetian, Nikita"]
[Result "0-1"]
[WhiteElo "1551"]
[BlackElo "1995"]
[Annotator ""]
[Source ""]
[Remark ""]

1.e4 c5 2.Nf3 Nc6 3.d4 cxd4 4.Nxd4 Nf6 5.Nc3 d6 6.Be2 a6 7.O-O
e6 8.Be3 Be7 9.f4 Qc7 10.Qe1 Bd7 11.Kh1 b5 12.a3 Rc8 13.Qg3 g6
14.Bf3 e5 15.Nxc6 Bxc6 16.fxe5 dxe5 17.Rae1 O-O 18.Bg5 Ne8 19.Bxe7
Qxe7 20.h4 Nd6 21.h5 Nc4 22.Nd1 Rcd8 23.hxg6 hxg6 24.Kh2 Kg7
25.Be2 Nd2 26.Rf5 Nxe4 27.Qxe5+ Qxe5+ 28.Rxe5 Rh8+ 29.Kg1 Ng3
30.Nf2 Rd2 31.Bf1 Rxc2 32.b4 Rd8 33.Ng4 Rdd2 34.Ne3 Ra2 35.Kh2
Nxf1+ 36.Rxf1 Bxg2 37.Nxg2 Rxg2+ 38.Kh3 Rh2+ 39.Kg3 Rhg2+ 40.Kh3
Rgf2 41.Rd1 Rf3+ 42.Kg4 Rfxa3 43.Rd7 Rg2+ 44.Kf4 Rf2+ 45.Kg4
Rb3 0-1

[Event "FIDE Open 2012"]
[Site "Voronezh (Russia)"]
[Date "2012.06.19"]
[Round "8.1"]
[White "Baemov, Ilnur"]
[Black "Natacheev, Peter"]
[Result "0-1"]
[WhiteElo "2197"]
[BlackElo "2230"]
[Annotator ""]
[Source ""]
[Remark ""]

1. e4 c5 2. Nf3 a6 3. c4 Nc6 4. d4 cxd4 5. Nxd4 Nf6 6. Nc3 Qb6 7. Nb3 e6 8. Be3 Qc7 
9. Nd2 Bb4 10. Rc1 O-O 11. Bd3 Rd8 12. Qb3 Ng4 13. Bg5 Bc5 14. Nd1 f6 15. Bh4 Qd6 
16. Be2 Nge5 17. Ne3 Nd4 18. Qd1 Nxe2 19. Kxe2 Qd3+ 20. Ke1 Bxe3 21. fxe3 Qxe3+ 
22. Qe2 Nd3+ 23. Kd1 Nxb2+ 24. Ke1 Nd3+ 25. Kd1 Qxe2+ 26. Kxe2 Nxc1+ 27. Rxc1 d5 
28. e5 Rf8 29. Nf3 0-1

[Event "FIDE Open 2012"]
[Site "Voronezh (Russia)"]
[Date "2012.06.19"]
[Round "8.2"]
[White "Fadin, Evgeny"]
[Black "Aminov, Andrey"]
[Result "0-1"]
[WhiteElo "2122"]
[BlackElo "2112"]
[Annotator ""]
[Source ""]
[Remark ""]

1. e4 e5 2. Nf3 Nc6 3. d4 exd4 4. Nxd4 Nf6 5. Nc3 Bb4 6. Nxc6 bxc6 7. Bd3 d5 8. exd5 cxd5
9. O-O O-O 10. Bf4 c6 11. Qf3 Bd6 12. Bg5 Rb8 13. Rab1 Re8 14. h3 h6 15. Bd2 Bd7 16. Rfe1 Rxe1+
17. Bxe1 Qe7 18. Bd2 Qe5 19. Re1 Qh2+ 20. Kf1 Rxb2 21. Bxh6 Bg4 22. hxg4 Qh1+ 23. Ke2 Qxh6 
24. Qf5 Rb8 25. g5 Qh5+ 26. Kd2 d4 27. Nd1 Nd5 28. Re4 Bb4+ 29. c3 Nxc3 30. Rg4 g6 31. Qd7 Nd5+
32. Kc2 Bc3 33. a3 Nb6 34. Qd6 Re8 35. f3 Qh1 36. Nxc3 dxc3 37. Qxc6 Rc8 38. Qe4 Qa1 
39. Qb4 Qe1 40. Qf4 Qa1 41. Qb4 Qa2+ 42. Kc1 Qb2+ 43. Kd1 Qa1+ 44. Kc2 Qa2+ 0-1

[Event "FIDE Open 2012"]
[Site "Voronezh (Russia)"]
[Date "2012.06.19"]
[Round "8.3"]
[White "Volkov, Sergei"]
[Black "Popov, Andrey"]
[Result "1-0"]
[WhiteElo "2107"]
[BlackElo "2094"]
[Annotator ""]
[Source ""]
[Remark ""]

1. d4 e6 2. Nf3 c5 3. e4 cxd4 4. Nxd4 Nc6 5. Nc3 d6 6. Be3 Nf6 7. Be2 Be7 8. O-O O-O 
9. f3 Bd7 10. Nb3 b6 11. a4 a6 12. Rf2 Bc8 13. Bf1 Nd7 14. Rd2 Qc7 15. Qe1 Nc5 16. Qf2 Nb4
17. Rad1 Rb8 18. a5 b5 19. e5 Nb7 20. Bb6 Qc6 21. Nd4 Qe8 22. exd6 Bxd6 23. Nb3 Be5 24. Re1 Bd6
25. Rxd6 Nxd6 26. Bc7 Nc4 27. Bxb8 Bb7 28. Bg3 Qc6 29. Nd4 Qc8 30. Ne4 e5 31. Nb3 f5 
32. Nc3 f4 33. Bh4 Ne3 34. Be7 Nbxc2 35. Bxf8 Nxe1 36. Qxe1 Qxf8 37. Nd1 Bd5 38. Nxe3 Bxb3 
39. Ng4 Qc5+ 40. Kh1 h5 41. Nxe5 Qd4 42. Nd3 Bd5 43. Qe8+ Kh7 44. Qxh5+ Kg8 45. Qe8+ Kh7
46. Qe5 Qc4 47. Qxf4 Qa2 48. Kg1 Bc4 49. Qd2 Qa1 50. Ne1 1-0

[Event "FIDE Open 2012"]
[Site "Voronezh (Russia)"]
[Date "2012.06.19"]
[Round "8.4"]
[White "Kalinin, Ivan"]
[Black "Manukovsky, Vladimir"]
[Result "1/2-1/2"]
[WhiteElo "2088"]
[BlackElo "2238"]
[Annotator ""]
[Source ""]
[Remark ""]

1. d4 Nf6 2. c4 d6 3. Nf3 Nbd7 4. Nc3 e5 5. e4 Be7 6. g3 O-O 7. Bg2 c6 8. O-O a6 9. Re1 b5 
10. b3 Re8 11. Qc2 Bb7 12. h3 Bf8 13. a3 Rc8 14. Bb2 g6 15. Rad1 Bg7 16. dxe5 dxe5 17. c5 a5 
18. b4 Qc7 19. Ne2 axb4 20. axb4 Ra8 21. Nd2 Nf8 22. f4 N6d7 23. Nf3 Ra4 24. Qb3 Bc8 
25. f5 Nf6 26. Nc3 Ra7 27. g4 h6 28. Nh4 g5 29. Nf3 N8h7 30. Rd2 Bd7 31. Red1 Re7 32. Qc2 Be8
33. Ne2 Nd7 34. Rd6 f6 35. Ng3 Bf8 36. Nh5 Bf7 37. Kh1 Qc8 38. Qd3 Bc4 39. Qc3 Re8 40. R6d2 Bf7 
41. Kg1 1/2-1/2

[Event "FIDE Open 2012"]
[Site "Voronezh (Russia)"]
[Date "2012.06.19"]
[Round "8.5"]
[White "Alkaev, Roman"]
[Black "Khoroshilov, Nikita"]
[Result "1-0"]
[WhiteElo "2066"]
[BlackElo "2223"]
[Annotator ""]
[Source ""]
[Remark ""]

1. e4 d6 2. d4 Nf6 3. Nc3 g6 4. f4 Bg7 5. Nf3 O-O 6. Bd3 Na6 7. O-O c5 8. d5 Bg4 9. Qe2 Nc7 10. h3 Bxf3
11. Qxf3 e6 12. dxe6 fxe6 13. e5 dxe5 14. Qxb7 Nh5 15. Be3 exf4 16. Bxc5 Rf7 17. Qf3 Rb8 18. Rab1 Nd5 
19. Nxd5 exd5 20. b4 Kh8 21. Rfe1 Qg5 22. Re6 Rd8 23. Rbe1 Bf8 24. Bd4+ Kg8 25. a3 Ng7 26. R6e5 Nf5 
27. Bf2 Bg7 28. Rxd5 Rdf8 29. Bc5 Rc8 30. Bxf5 Rxf5 31. Rd7 Bf6 32. Qb7 Rfxc5 33. bxc5 Rf8 34. Qd5+ 1-0

[Event "FIDE Open 2012"]
[Site "Voronezh (Russia)"]
[Date "2012.06.19"]
[Round "8.6"]
[White "Talipov, Nafis"]
[Black "Purtov, Konstantin"]
[Result "0-1"]
[WhiteElo "2160"]
[BlackElo "2083"]
[Annotator ""]
[Source ""]
[Remark ""]

1.d4 d5 2.c4 e6 3.Nc3 a6 4.cxd5 exd5 5.Nf3 c6 6.Qc2 Bd6 7.Bg5
Ne7 8.e3 f6 9.Bh4 Bf5 10.Bd3 Bxd3 11.Qxd3 O-O 12.Bg3 b5 13.O-O
Bxg3 14.hxg3 Nd7 15.Rac1 Nb6 16.Ne2 Qd7 17.Rc2 Nc4 18.Rfc1 Nb6
19.Nd2 a5 20.Nb3 a4 21.Nc5 Qa7 22.Nf4 Rfe8 23.Qc3 Rac8 24.Nfd3
Nc4 25.b3 Nb6 26.Nb4 axb3 27.axb3 Qc7 28.Ncd3 Qd6 29.Qc5 Qb8
30.Qc3 Qd6 31.Qc5 Qb8 32.Ra2 Nd7 33.Qc3 Qd6 34.Ra6 Nb8 35.Ra7
Rc7 36.Rca1 Nd7 37.Rxc7 Qxc7 38.Na6 Qb6 39.Nac5 Nxc5 40.Nxc5
Rc8 41.Ra6 Qc7 42.Qa1 Qd6 43.Qa5 Qc7 44.Qa3 Qd6 45.Kf1 Nf5 46.Ra7
Rc7 47.Ra8+ Kf7 48.Rh8 Nh6 49.Qa8 Qe7 50.Na6 Qe4 51.Qf8+ Kg6
52.Qe8+ Qxe8 53.Rxe8 Ra7 54.Nb4 Ra3 55.Nxc6 Rxb3 56.Rd8 Ng4 57.Ne7+
Kf7 58.Nxd5 Rb1+ 59.Ke2 Rb2+ 60.Kf3 h5 61.Nf4 Rxf2+ 62.Ke4 g5
63.Nd5 f5+ 64.Kd3 Rxg2 65.Rh8 Rxg3 66.Rxh5 f4 67.Ke4 fxe3 68.Kf5
e2 69.Rh7+ Kg8 70.Re7 Re3 71.Nxe3 e1Q 72.Kxg5 Kf8 73.Re5 0-1

[Event "FIDE Open 2012"]
[Site "Voronezh (Russia)"]
[Date "2012.06.19"]
[Round "8.7"]
[White "Khazieva, Elza"]
[Black "Egorenkov, Igor"]
[Result "1-0"]
[WhiteElo "2068"]
[BlackElo "2133"]
[Annotator ""]
[Source ""]
[Remark ""]

1.e4 c5 2.Nc3 e5 3.g3 Nc6 4.Bg2 g6 5.d3 Bg7 6.f4 d6 7.Nf3 Nge7
8.O-O O-O 9.Nh4 Nd4 10.Be3 exf4 11.Bxf4 Nec6 12.Qd2 Be6 13.Nd5
Bxd5 14.exd5 Ne7 15.Bg5 f6 16.Be3 Nef5 17.Nxf5 Nxf5 18.Bf2 Ne7
19.Rae1 g5 20.Be3 Qd7 21.d4 cxd4 22.Bxd4 Ng6 23.Re6 Ne5 24.Be4
Rfe8 25.Bf5 Qb5 26.Bc3 Rxe6 27.Bxe6+ Kh8 28.Qd1 h6 29.Kg2 Qa4
30.Bxe5 Qe4+ 31.Qf3 Qxe5 32.c3 Rf8 33.Qf2 Qe4+ 34.Kg1 Qa4 1-0

[Event "FIDE Open 2012"]
[Site "Voronezh (Russia)"]
[Date "2012.06.19"]
[Round "8.8"]
[White "Titorenko, Irina"]
[Black "Makarkin, Zhan"]
[Result "0-1"]
[WhiteElo "1988"]
[BlackElo "2126"]
[Annotator ""]
[Source ""]
[Remark ""]

1.c4 c5 2.Nc3 Nc6 3.d3 Nf6 4.g3 d5 5.cxd5 Nxd5 6.Bg2 Nxc3 7.bxc3
e6 8.Nf3 Be7 9.O-O O-O 10.Bb2 Qc7 11.Rc1 Na5 12.c4 Nc6 13.Rc2
Rd8 14.Qa1 f6 15.g4 Qf4 16.g5 Nd4 17.Bxd4 cxd4 18.Qc1 fxg5 19.e3
dxe3 20.fxe3 Qc7 21.d4 Bf6 22.Rcf2 Bd7 23.e4 g4 24.e5 Be7 25.Ng5
Rf8 26.Rxf8+ Rxf8 27.Rxf8+ Bxf8 28.Qf4 Bc8 29.d5 Qb6+ 30.Kh1
Qb1+ 31.Bf1 Qf5 32.Qxf5 exf5 33.c5 Bxc5 34.Bc4 b5 35.Bxb5 h6
36.Ne6 Bxe6 37.dxe6 Kf8 38.Kg2 Ke7 39.Bc4 Bd4 40.h4 gxh3+ 41.Kxh3
g5 42.Kg3 Bxe5+ 43.Kf3 g4+ 44.Ke3 h5 45.Kd3 h4 46.Bd5 h3 0-1

[Event "FIDE Open 2012"]
[Site "Voronezh (Russia)"]
[Date "2012.06.19"]
[Round "8.10"]
[White "Kubatko, Ivan"]
[Black "Matveenko, Yury"]
[Result "1-0"]
[WhiteElo "2229"]
[BlackElo "2077"]
[Annotator ""]
[Source ""]
[Remark ""]

1.e4 e5 2.Nf3 Nf6 3.d3 Nc6 4.g3 d5 5.Qe2 dxe4 6.dxe4 Nd4 7.Nxd4
Qxd4 8.Nd2 c6 9.c3 Qc5 10.Nb3 Qb6 11.Be3 Qc7 12.Bg2 a5 13.f3
a4 14.Nd2 Be6 15.O-O Be7 16.Rfd1 O-O 17.Qf2 Nd7 18.Bf1 b5 19.Be2
Rab8 20.f4 f6 21.c4 f5 22.exf5 Bxf5 23.cxb5 exf4 24.Bxf4 Bd6
25.Bxd6 Qxd6 26.Nc4 Qc7 27.Qd4 cxb5 28.Nd6 Qc5 29.Nxf5 Rxf5 30.Bg4
Rd5 31.Be6+ 1-0

[Event "FIDE Open 2012"]
[Site "Voronezh (Russia)"]
[Date "2012.06.19"]
[Round "8.11"]
[White "Skomorohov, Grigorij"]
[Black "Filippov, Ivan"]
[Result "1-0"]
[WhiteElo "2217"]
[BlackElo "2035"]
[Annotator ""]
[Source ""]
[Remark ""]

1.c4 f5 2.Nc3 Nf6 3.g3 e6 4.Bg2 d5 5.d4 c6 6.Nf3 Bd6 7.Bf4 Be7
8.O-O O-O 9.Qc2 Na6 10.Ne5 Bd7 11.a3 Be8 12.c5 Nd7 13.Nd3 Bh5
14.b4 Nc7 15.Bxc7 Qxc7 16.f4 b6 17.Rfb1 Rfb8 18.e3 Kh8 19.Ra2
g5 20.Rab2 b5 21.a4 a6 22.Ra1 Ra7 23.Rba2 Rba8 24.Ra3 Be8 25.Qa2
Nf8 26.Bf3 g4 27.Be2 Ng6 28.Nc1 Qb7 29.axb5 cxb5 30.Nb3 Bd8 31.Na5
Qc8 32.Bd3 h5 33.Qe2 Ne7 34.Nb3 Nc6 35.Na2 Qb8 36.Rb1 Rh7 37.Nd2
h4 38.Nc3 Qc8 39.Nf1 hxg3 40.hxg3 Bf6 41.Nd1 Qd8 42.Nf2 Rh6 43.Qa2
Qb8 44.Rxa6 Ra7 45.Rxa7 Nxa7 46.Qa6 Nc6 47.Qxb5 Qc8 48.Qa6 Bxd4 1-0

[Event "FIDE Open 2012"]
[Site "Voronezh (Russia)"]
[Date "2012.06.19"]
[Round "8.12"]
[White "Kiselev, Maxim"]
[Black "Katkov, Vitaly"]
[Result "0-1"]
[WhiteElo "2187"]
[BlackElo "2066"]
[Annotator ""]
[Source ""]
[Remark ""]

1.d4 c6 2.Nf3 d5 3.c4 Nf6 4.Nc3 e6 5.e3 a6 6.Qc2 Be7 7.g4 dxc4
8.Bxc4 b5 9.Be2 Bb7 10.g5 Nd5 11.Ne4 Nd7 12.Bd2 h6 13.g6 f5 14.Nc5
Nxc5 15.dxc5 Qc7 16.Nd4 Qe5 17.O-O-O O-O 18.Kb1 a5 19.f4 Qf6
20.Bf3 Rac8 21.Rc1 e5 22.Nxf5 Qxf5 23.Qxf5 Rxf5 24.e4 Rxf4 25.Bxf4
Nxf4 26.Rhd1 Rc7 27.Bg4 Bc8 28.Bxc8 Rxc8 29.Rd7 Bf8 30.a3 a4
31.Rcd1 Ne6 32.Kc2 Bxc5 33.Rf1 Nf4 34.Rfd1 Bd4 35.b3 axb3+ 36.Kxb3
Ne6 37.Re7 Nc5+ 38.Kc2 Nxe4 39.Rf1 Nf6 40.Kb3 e4 41.Rc1 e3 42.Re6
c5 43.Kc2 Nd5 44.h4 Nf4 45.Re4 Nxg6 46.Kd1 Ra8 0-1

[Event "FIDE Open 2012"]
[Site "Voronezh (Russia)"]
[Date "2012.06.19"]
[Round "8.13"]
[White "Gunchenko, Vadim"]
[Black "Pavlov, Nikolay"]
[Result "1/2-1/2"]
[WhiteElo "1893"]
[BlackElo "2087"]
[Annotator ""]
[Source ""]
[Remark ""]

1.d4 Nf6 2.c4 g6 3.Nc3 d5 4.cxd5 Nxd5 5.Na4 Bg7 6.e4 Nb6 7.Be3
O-O 8.h3 Nxa4 9.Qxa4 c5 10.Nf3 Qb6 11.Rb1 Bd7 12.Qc4 cxd4 13.Bxd4
Bxd4 14.Qxd4 Qxd4 15.Nxd4 Nc6 16.Nxc6 Bxc6 17.Bd3 Rfd8 18.Ke2
Rd4 19.f3 Rad8 20.Rhd1 e5 21.b3 Kg7 22.g3 f5 23.exf5 gxf5 24.Bc2
Bb5+ 25.Ke1 Kf6 26.Rxd4 Rxd4 27.Rd1 Rxd1+ 28.Kxd1 Bf1 29.h4 h6
30.Ke1 Bb5 31.Kd2 f4 32.g4 Bc6 33.Be4 Bxe4 34.fxe4 Kg6 35.Ke2
Kf6 36.b4 Kg6 37.a3 b5 38.Kf3 a6 39.Ke2 Kf6 40.Kf3 Kg6 41.Ke2 1/2-1/2

[Event "FIDE Open 2012"]
[Site "Voronezh (Russia)"]
[Date "2012.06.19"]
[Round "8.14"]
[White "Kalinin, Nikita"]
[Black "Karavaeva, Nadezhda"]
[Result "1-0"]
[WhiteElo "2199"]
[BlackElo "2027"]
[Annotator ""]
[Source ""]
[Remark ""]

1.d4 Nf6 2.c4 e6 3.Nc3 Bb4 4.Qc2 c5 5.dxc5 Bxc5 6.Nf3 Nc6 7.Bg5
Be7 8.e3 O-O 9.Be2 d5 10.O-O dxc4 11.Bxc4 a6 12.Rfd1 Qc7 13.Rac1
Nb4 14.Qb3 Nc6 15.Qc2 Nb4 16.Qe2 b5 17.Bb3 Qa7 18.a3 Nbd5 19.Nxd5
Nxd5 20.Bxd5 exd5 21.Bxe7 Qxe7 22.Rxd5 Be6 23.Rd4 Rfc8 24.Rxc8+
Rxc8 25.Qd2 h6 26.h3 Bf5 27.Ne1 Rc6 28.Rf4 Be6 29.Rd4 Qg5 30.Nf3
Qf6 31.Rf4 Qe7 32.Nd4 Rd6 33.Qc3 Qd7 34.Rf3 Bc4 35.Rg3 Rf6 36.e4
Rg6 37.Rxg6 fxg6 38.b3 Bf7 39.f3 Qd6 40.b4 Bc4 41.Qd2 Qe5 42.Qe3
g5 43.Nc6 Qa1+ 44.Kh2 Qf6 45.Nd4 Qe5+ 46.g3 Bd5 47.Qc3 Bc4 48.Ne2
Qe6 49.Nd4 Qe5 50.Kg2 h5 51.Qe3 Bd5 52.Nf5 g4 53.hxg4 hxg4 54.exd5
Qxf5 55.Qe6+ Qxe6 56.dxe6 Kf8 57.fxg4 Ke7 58.Kf3 Kxe6 59.Kf4
Kd5 60.Kf5 Kc4 61.Kg6 Kb3 62.Kxg7 Kxa3 63.g5 Kxb4 64.g6 a5 65.Kf7
Ka3 66.g7 b4 67.g8Q a4 1-0

[Event "FIDE Open 2012"]
[Site "Voronezh (Russia)"]
[Date "2012.06.19"]
[Round "8.15"]
[White "Torshin, Anton"]
[Black "Grachev, Andrey"]
[Result "1-0"]
[WhiteElo "2135"]
[BlackElo "1996"]
[Annotator ""]
[Source ""]
[Remark ""]

1.e4 e6 2.d4 d5 3.Nd2 Be7 4.Ngf3 Nf6 5.e5 Nfd7 6.Bd3 c5 7.c3
Nc6 8.O-O h5 9.dxc5 Ndxe5 10.Bb5 Bd7 11.Re1 Qc7 12.Nb3 Ng6 13.Bg5
O-O-O 14.Bxe7 Ngxe7 15.a4 h4 16.Nbd4 Nxd4 17.cxd4 Qf4 18.Ne5
Be8 19.Qd3 f6 20.Nf3 Bf7 21.a5 a6 22.Ba4 Kb8 23.c6 Qc7 24.cxb7
Qxb7 25.Ra3 Ka7 26.Rb3 Qc8 27.Rb6 g5 28.Nd2 Nf5 29.Bc6 Nd6 30.Qa3
Be8 31.Qc5 1-0

[Event "FIDE Open 2012"]
[Site "Voronezh (Russia)"]
[Date "2012.06.19"]
[Round "8.16"]
[White "Polyansky, Viktor"]
[Black "Magrifin, Iljanor"]
[Result "0-1"]
[WhiteElo "2009"]
[BlackElo "2115"]
[Annotator ""]
[Source ""]
[Remark ""]

1.e4 c5 2.Nf3 Nc6 3.d4 cxd4 4.Nxd4 Qb6 5.Nb3 Nf6 6.Nc3 e6 7.Be2
Bb4 8.Qd3 d5 9.exd5 Nxd5 10.O-O Nxc3 11.bxc3 Be7 12.Be3 Qc7 13.Nd4
O-O 14.Qe4 Bd7 15.Bd3 g6 16.Bh6 Rfe8 17.Rab1 a6 18.Bf4 Qc8 19.Nf3
Bf6 20.Ne5 Nxe5 21.Bxe5 Bc6 22.Qf4 Bxe5 23.Qxe5 Qb8 24.Qg5 Qd8
25.Qh6 Qd5 26.f3 Qc5+ 27.Kh1 Qxc3 28.Be4 Rac8 29.Rb3 Qg7 30.Qe3
Red8 31.Bxc6 Rxc6 32.Rxb7 Rxc2 33.Qf4 Rxa2 34.h4 Ra5 35.Kh2 Rf5
36.Rd1 Rf8 37.Qd6 Qf6 38.Rd4 a5 39.Kh3 Rxf3+ 0-1

[Event "FIDE Open 2012"]
[Site "Voronezh (Russia)"]
[Date "2012.06.19"]
[Round "8.17"]
[White "Grigorjev, Iljya"]
[Black "Kasantsev, Anatolij B."]
[Result "0-1"]
[WhiteElo "1987"]
[BlackElo "2080"]
[Annotator ""]
[Source ""]
[Remark ""]

1.e4 c5 2.Nf3 Nc6 3.d4 cxd4 4.Nxd4 Qc7 5.Be3 Nf6 6.Nc3 e6 7.f3
Bb4 8.Qd2 d5 9.Ndb5 Qb8 10.Bf4 e5 11.exd5 exf4 12.dxc6 bxc6 13.Nd4
Qe5+ 14.Qe2 Qxe2+ 15.Bxe2 c5 16.Ndb5 O-O 17.O-O-O Ba5 18.Nd5
Nxd5 19.Rxd5 Bb6 20.Rd6 Be6 21.a4 c4 22.Re1 Bc5 23.Rxe6 fxe6
24.Bxc4 Be3+ 25.Kb1 Rad8 26.Bxe6+ Kh8 27.Re2 Rd1+ 28.Ka2 Rfd8
29.Nc3 R1d2 30.Bc4 a5 31.Ne4 Rxe2 32.Bxe2 Rb8 33.b3 Kg8 34.Bc4+
Kf8 35.Bd3 Ke7 36.Kb2 Rc8 37.Kb1 h6 38.Kb2 0-1

[Event "FIDE Open 2012"]
[Site "Voronezh (Russia)"]
[Date "2012.06.19"]
[Round "8.18"]
[White "Alieva, Alexandra"]
[Black "Zhukov, Viktor"]
[Result "1-0"]
[WhiteElo "1970"]
[BlackElo "2077"]
[Annotator ""]
[Source ""]
[Remark ""]

1.e4 c5 2.c3 d6 3.d4 Nf6 4.Bd3 Nc6 5.Nf3 Bg4 6.Qb3 Qb6 7.Nbd2
Qxb3 8.Nxb3 cxd4 9.Nbxd4 g6 10.O-O Bg7 11.h3 Nxd4 12.Nxd4 Bd7
13.Be3 O-O 14.a4 a6 15.Nb3 Bc6 16.f3 Nd7 17.Na5 Ne5 18.Be2 Bd7
19.f4 Nc6 20.Nc4 Bc8 21.Nb6 Be6 22.f5 Bc8 23.Bg5 Re8 24.Rad1
Be5 25.Bc4 Rf8 26.Bd5 Bf6 27.Bxf6 exf6 28.fxg6 hxg6 29.Rxf6 Kg7
30.Rdf1 Bf5 31.Rxf7+ Rxf7 32.Bxf7 Bxe4 1-0

[Event "FIDE Open 2012"]
[Site "Voronezh (Russia)"]
[Date "2012.06.19"]
[Round "8.19"]
[White "Zhileykin, Andrey"]
[Black "Bargandzhiya, Zaza"]
[Result "1/2-1/2"]
[WhiteElo "1889"]
[BlackElo "2070"]
[Annotator ""]
[Source ""]
[Remark ""]

1.d4 Nf6 2.c4 g6 3.Nc3 Bg7 4.e4 d6 5.Be2 O-O 6.Bg5 c5 7.d5 a6
8.a4 e6 9.Nf3 exd5 10.exd5 Re8 11.O-O Bf5 12.Qd2 Qc8 13.Bf4 Qc7
14.h3 Nbd7 15.Nh4 Ne5 16.Nxf5 gxf5 17.Bh6 Ne4 18.Nxe4 fxe4 19.Bxg7
Kxg7 20.Qg5+ Ng6 21.Qd2 Qe7 22.b4 Rac8 23.Rab1 cxb4 24.Qxb4 Rc7
25.Qd2 e3 26.Qxe3 Qxe3 27.fxe3 Rxe3 28.Kf2 Rce7 29.Bf3 Rc3 30.Rfc1
Rxc1 31.Rxc1 {%07-1006498556} Ne5 32.Be2 Nd7 33.Rb1 Nc5 34.Rb6
Nxa4 35.Rxd6 Nc3 36.Bd3 Ne4+ 37.Bxe4 Rxe4 38.c5 Rc4 39.c6 bxc6
40.Rxc6 Rd4 1/2-1/2

[Event "FIDE Open 2012"]
[Site "Voronezh (Russia)"]
[Date "2012.06.19"]
[Round "8.20"]
[White "Gerasko, Viacheslav"]
[Black "Kozhevnikov, Ivan"]
[Result "0-1"]
[WhiteElo "1964"]
[BlackElo "2068"]
[Annotator ""]
[Source ""]
[Remark ""]

1.c4 Nf6 2.Nc3 g6 3.g3 Bg7 4.Bg2 O-O 5.Nf3 d6 6.O-O Nc6 7.d4
a6 8.a3 Rb8 9.d5 Na7 10.Be3 c5 11.Rc1 b5 12.b4 Ng4 13.Bd2 cxb4
14.axb4 bxc4 15.h3 Nf6 16.Be3 Nb5 17.Na2 Bb7 18.Ne1 Rc8 19.Nc2
Qc7 20.Nd4 Rfe8 21.Nb3 e6 22.Na5 Bxd5 23.Bxd5 exd5 24.Bg5 Ne4
25.Qxd5 Re5 26.Qxe5 dxe5 27.Rxc4 Qd8 28.Rxe4 Qd5 29.Re3 Qxa2
30.Be7 Rc7 31.Bd8 Rc2 32.Re1 Nd4 33.Kf1 0-1